Central Library OPAC University of Rajshahi

George Birkbeck : (Record no. 46093)

MARC details
000 -LEADER
fixed length control field 00675nam a2200217 a 4500
001 - CONTROL NUMBER
control field 46093
003 - CONTROL NUMBER IDENTIFIER
rucl marc code BD-RjUL
005 - DATE AND TIME OF LATEST TRANSACTION
control field 20211209054116.0
008 - FIXED-LENGTH DATA ELEMENTS--GENERAL INFORMATION
fixed length control field 160730s1957 enka b 001 0 eng d
035 ## - SYSTEM CONTROL NUMBER
System control number (BD-RjUL)46211
040 ## - CATALOGING SOURCE
Original cataloging agency BD-RjUL
Language of cataloging eng
Transcribing agency BD-RjUL
Modifying agency BD-RjUL
041 ## - LANGUAGE CODE
Language code of text/sound track or separate title eng
082 ## - DEWEY DECIMAL CLASSIFICATION NUMBER
Edition number 23
Author mark and year KEG 1957
Classification number 374.80924
100 10 - MAIN ENTRY--PERSONAL NAME
Personal name Kelly, Thomas,
Dates associated with a name 1909-
9 (RLIN) 140919
245 10 - TITLE STATEMENT
Title George Birkbeck :
Remainder of title pioneer of adult education /
Statement of responsibility, etc. by Thomas Kelly
260 ## - PUBLICATION, DISTRIBUTION, ETC. (IMPRINT)
Place of publication, distribution, etc. Liverpool :
Name of publisher, distributor, etc. Liverpool University Press,
Date of publication, distribution, etc. 1957.
300 ## - PHYSICAL DESCRIPTION
Pagination xi, 380 p. :
Illustrations ill. ;
Size 24 cm.
504 ## - BIBLIOGRAPHY, ETC. NOTE
Bibliography, etc Includes bibliography and index.
600 10 - SUBJECT ADDED ENTRY--PERSONAL NAME
Personal name Birkbeck, George,
Dates associated with a name 1776-1841
942 ## - ADDED ENTRY ELEMENTS (KOHA)
Source of classification or shelving scheme Dewey Decimal Classification
Koha item type Books
Holdings
Lost status Source of classification or shelving scheme Damaged status Not for loan Collection code Permanent Location Current Location Shelving location Date acquired Source of acquisition Cost, normal purchase price Total Checkouts Full call number Date last seen Copy number Koha item type
  Dewey Decimal Classification     Non-fiction Central Library, University of Rajshahi Central Library, University of Rajshahi   15/06/1965 Zeetlinger 45.00   374.80924 KEG 1957 02/08/2016 C-2 Books